000 01072nam a2200349Ia 4500
003 OSt
005 20220912144621.0
006 a|||||r|||| 00| 0
007 ta
008 220909b |||||||| |||| 00| 0 eng d
020 _a9780521773201 (hbk)
020 _aSL01535439
024 _a160568
037 _b480, 10/10/2011, Dhanraj Book House
037 _cTextual
040 _aCSL
_beng
_cCSL
041 _aeng
082 _aB2T, P1 TB
100 _aBedford Tie; Cooke Roger
245 0 _aProbabilistic risk analysis: Foundation and methods
260 _aNew York
_bCambridge
_c2001
300 _axix;393p.
500 _aInclude bibliographical references 373-389p; Index 390-393p
650 _a Probability
650 _a Reliability engineering mathematics
650 _a Risk assesment
650 _a Statistical inferences
650 _aStatistics
700 _aBedford Tie; Cooke Roger
942 _hB2T, P1 TB
_cTEXL
_2CC
999 _c13719
_d13719